| 000 | 00935 a2200289 4500 | ||
|---|---|---|---|
| 003 | Nust | ||
| 005 | 20170207171606.0 | ||
| 010 | _a 2004065932 | ||
| 020 | _a0471488852 (cloth) | ||
| 020 | _a0471726443 (pbk.) | ||
| 020 | _a0471726451 (pbk.) | ||
| 020 | _a047172646X (pbk.) | ||
| 020 | _a0471728977 (hbk.) | ||
| 020 | _a9780471488859 | ||
| 035 | _a(OCoLC)ocm57349166 | ||
| 040 | _cNust | ||
| 082 | 0 | 0 | _a510.2462 |
| 100 | 1 | _aKreyszig, Erwin. | |
| 245 | 1 | 0 |
_aAdvanced engineering mathematics (E-BOOK) _cErwin Kreyszig. |
| 250 | _a9th ed. | ||
| 260 |
_aHoboken, NJ : _bJohn Wiley, _cc2006. |
||
| 300 |
_a1 v. (various pagings) : _bill. ; _c27 cm. |
||
| 650 | 0 | _aEngineering mathematics. | |
| 650 | 0 | _aMathematical physics. | |
| 856 | 4 | 2 |
_3Publisher description _uhttp://www.loc.gov/catdir/enhancements/fy0619/2004065932-d.html |
| 856 | 4 | 2 |
_3Table of contents only _uhttp://www.loc.gov/catdir/enhancements/fy0619/2004065932-t.html |
| 942 |
_2ddc _cBK |
||
| 999 |
_c217595 _d217595 |
||